Java Web services architecture / (Record no. 179453)
[ view plain ]
| 000 -LEADER | |
|---|---|
| fixed length control field | 00988 a2200253 4500 |
| 003 - CONTROL NUMBER IDENTIFIER | |
| control field | Nust |
| 005 - DATE AND TIME OF LATEST TRANSACTION | |
| control field | 20220822111108.0 |
| 010 ## - LIBRARY OF CONGRESS CONTROL NUMBER | |
| LC control number | 2002117799 |
| 020 ## - INTERNATIONAL STANDARD BOOK NUMBER | |
| International Standard Book Number | 1558609008 (pbk. : alk. paper) |
| 035 ## - SYSTEM CONTROL NUMBER | |
| System control number | (DLC) 2002117799 |
| 040 ## - CATALOGING SOURCE | |
| Transcribing agency | Nust |
| 082 00 - DEWEY DECIMAL CLASSIFICATION NUMBER | |
| Classification number | 005.2762 |
| 245 00 - TITLE STATEMENT | |
| Title | Java Web services architecture / |
| Statement of responsibility, etc. | James McGovern ... [et al.] |
| 260 ## - PUBLICATION, DISTRIBUTION, ETC. | |
| Place of publication, distribution, etc. | San Francisco : |
| Name of publisher, distributor, etc. | Morgan Kaufmann Publishers, |
| Date of publication, distribution, etc. | c2003. |
| 300 ## - PHYSICAL DESCRIPTION | |
| Extent | xii, 833 p. : |
| Other physical details | ill. ; |
| Dimensions | 24 cm. + |
| Accompanying material | 1 CD-ROM (4 3/4 in.) |
| 505 ## - FORMATTED CONTENTS NOTE | |
| Formatted contents note | Part I: The Foundation (Page-3), Part III: The JAX APIs (Page-265), Part III: Advanced topics (Page-581). |
| 650 #0 - SUBJECT ADDED ENTRY--TOPICAL TERM | |
| Topical term or geographic name entry element | Computer architecture. |
| 650 #0 - SUBJECT ADDED ENTRY--TOPICAL TERM | |
| Topical term or geographic name entry element | Java (Computer program language) |
| 9 (RLIN) | 8017 |
| 650 #0 - SUBJECT ADDED ENTRY--TOPICAL TERM | |
| Topical term or geographic name entry element | Web services. |
| 9 (RLIN) | 94192 |
| 700 1# - ADDED ENTRY--PERSONAL NAME | |
| Personal name | McGovern, James, |
| Dates associated with a name | 1967- |
| 9 (RLIN) | 98279 |
| 856 42 - ELECTRONIC LOCATION AND ACCESS | |
| Materials specified | Publisher description |
| Uniform Resource Identifier | <a href="http://www.loc.gov/catdir/description/els051/2002117799.html">http://www.loc.gov/catdir/description/els051/2002117799.html</a> |
| 856 42 - ELECTRONIC LOCATION AND ACCESS | |
| Materials specified | Table of contents |
| Uniform Resource Identifier | <a href="http://www.loc.gov/catdir/toc/els031/2002117799.html">http://www.loc.gov/catdir/toc/els031/2002117799.html</a> |
| 942 ## - ADDED ENTRY ELEMENTS (KOHA) | |
| Source of classification or shelving scheme | |
| Koha item type | Book |
| Withdrawn status | Lost status | Source of classification or shelving scheme | Damaged status | Not for loan | Permanent Location | Current Location | Date acquired | Full call number | Barcode | Date last seen | Price effective from | Koha item type | Public note |
|---|---|---|---|---|---|---|---|---|---|---|---|---|---|
| Military College of Signals (MCS) | Military College of Signals (MCS) | 12/12/2016 | 005.2762,MCG | MCS32320 | 12/08/2016 | 12/12/2016 | Book | Almirah No.5, Shelf No.6 |
